<The> art of leadership

Salvato in:
Dettagli Bibliografici
Autore principale: Manning, George
Altri autori: Curtis, Kent
Natura: Libro
Lingua:inglese
Pubblicazione: New York McGraw-Hill 2015
Edizione:5th, international student ed.
Soggetti:
Tags: Aggiungi Tag
Nessun Tag, puoi essere il primo ad aggiungerne!!

MARC

LEADER 00000nam a2200000 4500
001 0196282
005 20230109073008.9
020 |a 978-1-259-25440-6 
041 0 |a eng 
044 |a US 
245 1 0 |a <The> art of leadership  |c George Manning, Kent Curtis 
250 |a 5th, international student ed. 
264 1 |a New York  |b McGraw-Hill  |c 2015 
300 |a 572 s. 
610 2 0 |a vedenie 
610 2 0 |a riadenie 
610 2 0 |a lídri 
610 2 0 |a vodcovstvo 
610 2 0 |a vízie 
610 2 0 |a etika manažérska 
610 2 0 |a autorita 
610 2 0 |a práca s ľuďmi 
610 2 0 |a správanie 
610 2 0 |a osobnosť 
610 2 0 |a koučovanie 
610 2 0 |a manažéri 
610 2 0 |a riadenie výkonov 
100 1 |a Manning, George 
700 1 |a Curtis, Kent